[Event "FIDE Chesscom Grand Swiss 2021"]
[Site "Riga"]
[Date "2021.10.28"]
[Round "2.46"]
[White "Onyshchuk, Volodymyr"]
[Black "Gelfand, Boris"]
[Result "1/2-1/2"]
[WhiteElo "2622"]
[BlackElo "2680"]
[Annotator "TA"]
[PlyCount "133"]
[EventDate "2021.10.27"]
[EventType "swiss"]
[EventCountry "LAT"]
[Tiebreak "Cut1 Buchholz+Sonneborn-Berger (Swiss)"]
[SourceTitle "playchess.com"]
[Source "ChessBase"]
[SourceQuality "1"]

{[%evp 11,133,12,31,27,27,22,33,24,39,38,39,37,37,22,29,15,17,27,34,38,43,24,
55,37,68,63,71,55,51,61,57,16,32,0,0,0,0,0,0,0,129,110,363,363,399,383,360,0,0,
0,0,0,0,0,71,44,39,41,41,44,51,56,60,60,61,35,35,35,41,41,48,35,35,35,35,35,35,
34,34,34,35,35,42,41,42,41,41,34,34,34,41,41,41,34,42,34,162,20,20,20,20,14,42,
20,34,34,34,34,52,8,3,3,8,8,8,8,8,8,8,8,8,8,8,8]} 1. e4 c5 2. Nf3 Nc6 3. Bb5 e6
4. Bxc6 bxc6 5. b3 f6 6. O-O Nh6 7. d4 {B30: Sicilian: 2...Nc6 3 Bb5, lines
without ...g6.} Nf7 8. c4 cxd4 9. Nxd4 {[#] White is slightly better.} c5 $146
({Predecessor:} 9... Be7 10. Nc3 O-O 11. Bb2 Bb7 12. Nde2 Qc7 13. Ng3 Rad8 14.
Qe2 Rfe8 15. Rad1 Qa5 16. Na4 d5 17. Bc3 Qc7 18. cxd5 cxd5 19. Bd4 Bc8 {
1/2-1/2 (19) Potkin,V (2555)-Tirard,H (2435) Sautron 2005}) 10. Ne2 Bb7 11.
Nbc3 Be7 12. f4 O-O 13. f5 Bd6 14. Bf4 Be5 15. Bxe5 Nxe5 16. Qd6 Rc8 17. Rad1
Rc6 18. Qd2 Qe7 19. Nf4 Rb6 20. Qe3 Bc6 21. Rd2 a5 22. Rfd1 {aiming for fxe6.}
a4 $1 23. fxe6 dxe6 24. Rd6 axb3 25. Qxc5 bxa2 {[#]} (25... Rfb8 $11 {keeps
the balance.} 26. Nxe6 bxa2 27. Rd8+ {[%mdl 64] Discovered Attack} (27. Nxa2
Rb1 $17) 27... Kf7 28. Ng5+ fxg5 29. Rf1+ Qf6) 26. Rxc6 $1 $16 {[%mdl 512]} Qa7
{[%mdl 8192]} (26... Qxc5+ $16 27. Rxc5 Ra6) 27. Rxb6 $18 a1=Q 28. Rxa1 Qxa1+ {
[#]} 29. Nb1 $2 (29. Rb1 $1 $18 {[%cal Rb1a1]} Qxc3 30. Nxe6) 29... Nd7 $11 30.
Qd6 {[%mdl 64] Double Attack} Nxb6 31. Qxe6+ Kh8 $1 32. Qxb6 Qa2 (32... Qe5 $1
$11 33. Qf2 Qa1) 33. Qb4 {[%cal Rb4f8]} Qa7+ $1 34. Kf1 $1 {[%cal Rb4f8]} Rb8
35. Qe1 Qa2 36. Nc3 {[%cal Rc3a2]} ({But not} 36. Nd2 Rb2 $11) 36... Qxc4+ 37.
Nfe2 Qd3 38. h3 f5 39. exf5 Qxf5+ 40. Kg1 Re8 41. Qg3 (41. Qa1 {is more
complex.} Qc5+ 42. Kh1 Qe5 43. Qa3 h6 44. Ng1) 41... Qe5 42. Qxe5 Rxe5 43. Kf2
g6 44. Nd4 Kg7 45. Kf3 Ra5 46. Ne4 Ra4 47. Ne6+ Kf7 {Black wants to play ...
Ra3+.} 48. N6g5+ Kg7 49. Kf4 Ra2 50. g3 Ra5 51. Ne6+ Kf7 {White must now
prevent ...Rf5+.} 52. Nd4 (52. Nd8+ {with more complications.} Kg7 53. h4 h6
54. Ne6+ Kf7 55. N6c5) 52... Rd5 53. Ng5+ (53. Nc6 {keeps more tension.} h6 54.
Ne5+ Kg7 55. h4 Ra5 56. g4) 53... Kf6 (53... Kg7 $14 54. Ngf3 Kf6) 54. Ngf3 ({
White has to play} 54. Nxh7+ $18 Ke7 55. Ne2) 54... g5+ 55. Ke4 Ra5 56. Nc2 h5
57. Ne3 g4 58. hxg4 {Hoping for Nd5+.} Ra4+ 59. Nd4 hxg4 60. Nxg4+ Kg5 {
The position is equal.} 61. Ne3 Ra8 62. Nf3+ Kf6 63. Nd5+ Kg6 64. Ke5 Ra3 65.
Nf4+ Kh6 66. Ke4 Ra8 67. g4 {Weighted Error Value: White=0.20/Black=0.24}
1/2-1/2

[Event "FIDE Chesscom Grand Swiss 2021"]
[Site "Riga"]
[Date "2021.10.28"]
[Round "2.47"]
[White "Mamedov, Rauf"]
[Black "Antipov, Mikhail Al."]
[Result "1-0"]
[WhiteElo "2673"]
[BlackElo "2619"]
[Annotator "TA"]
[PlyCount "93"]
[EventDate "2021.10.27"]
[EventType "swiss"]
[EventCountry "LAT"]
[Tiebreak "Cut1 Buchholz+Sonneborn-Berger (Swiss)"]
[SourceTitle "playchess.com"]
[Source "ChessBase"]
[SourceQuality "1"]

{[%evp 9,93,25,15,0,16,0,0,0,0,0,0,-19,-2,-22,-13,-14,-13,-17,-14,-15,33,39,14,
7,36,11,0,31,56,56,142,142,143,143,143,145,146,144,137,137,150,143,150,141,316,
275,256,228,360,371,383,356,371,370,360,362,345,334,341,328,622,626,520,575,
450,275,275,272,275,275,275,275,272,182,191,0,272,270,259,248,297,288,410,400,
371,329]} 1. e4 e5 2. Nf3 Nc6 3. Bb5 Nf6 4. O-O Nxe4 5. Re1 Nd6 6. Bf1 {
C67: Ruy Lopez: Berlin Defence: 4 0-0 Nxe4.} Be7 7. Nc3 f6 8. d4 {[%cal Rd4e5]
The position is equal.} Nf7 9. Nd5 d6 10. Bc4 {[#]} Qd7 $146 ({Predecessor:} 
10... O-O 11. c3 Kh8 12. b4 Be6 13. Qb3 Qb8 14. Qc2 a6 15. Bb3 Qc8 16. h3 Bd8 {
1/2-1/2 (45) Baranowski,T (2379)-Chen,F (2319) ICCF email 2018}) 11. b4 Bd8 12.
b5 Na5 13. Bd3 O-O 14. c4 Re8 15. Qc2 f5 {Threatens to win with ...e4.} 16.
dxe5 dxe5 {Hoping for ...e4.} 17. Bb2 $1 c6 18. Nf4 {[%cal Rf3e5]} cxb5 {[#]} (
{Wrong is} 18... exf4 $2 19. Bxf5 $1 {[%mdl 512]} Nd6 20. Bxd7 $18) 19. Rad1 $1
Qc6 (19... exf4 20. Bxf5 $1 {[%mdl 512]} Rxe1+ 21. Rxe1 $18) (19... bxc4 $6 20.
Bxc4 Nxc4 21. Rxd7 $18) (19... Qc7 $1 $14) (19... Qc7 20. Nd5) 20. Nxe5 $16
Nxe5 21. Rxe5 Rxe5 22. Bxe5 Bg5 {[%cal Ra5c4]} 23. Bxf5 ({Don't play} 23. cxb5
$6 Qxc2 24. Bxc2 Kf7 $14) 23... Bxf5 24. Qxf5 Bxf4 {[#]} 25. cxb5 $1 Qc4 {
And now ...Rf8 would win.} 26. Qxf4 Qe2 $2 (26... Qxf4 $16 27. Bxf4 a6) 27. Rc1
Rd8 {( -> ...Rd1+)} 28. h3 $40 {[%mdl 128] White has strong attack.} Rd1+ (
28... Qd2 {was called for.} 29. Qxd2 Rxd2) 29. Rxd1 $18 Qxd1+ 30. Kh2 Qd7 31.
Bc3 b6 32. Qb8+ Kf7 33. a4 h6 34. f4 Nc4 $2 (34... Kg6 35. Qg8 Qe7) 35. Qh8 Kg6
36. g4 Qc7 37. Qe8+ Kh7 38. Qe4+ Kg8 39. Kg3 Nd6 40. Qd5+ Nf7 41. Qa8+ Nd8 42.
Qd5+ (42. Bd4 $142) 42... Nf7 $1 43. Qc6 Qe7 44. Kf3 Qd8 45. Qg6 {[%csl Gc3]
[%cal Rg6g7]} Qf8 (45... Qa8+ $142 46. Kg3 Qf8) 46. h4 Nd8 47. f5 {Weighted
Error Value: White=0.14/Black=0.26} 1-0

[Event "FIDE Chesscom Grand Swiss 2021"]
[Site "Riga"]
[Date "2021.10.28"]
[Round "2.48"]
[White "Zvjaginsev, Vadim"]
[Black "Jumabayev, Rinat"]
[Result "1-0"]
[WhiteElo "2609"]
[BlackElo "2658"]
[Annotator "TA"]
[PlyCount "125"]
[EventDate "2021.10.27"]
[EventType "swiss"]
[EventCountry "LAT"]
[Tiebreak "Cut1 Buchholz+Sonneborn-Berger (Swiss)"]
[SourceTitle "playchess.com"]
[Source "ChessBase"]
[SourceQuality "1"]

{[%evp 19,125,-5,18,17,4,26,41,33,37,10,39,32,36,35,35,34,109,66,147,145,147,
139,146,145,146,154,146,141,137,139,140,136,138,136,135,111,111,111,117,115,
115,117,118,78,81,0,118,117,117,103,118,118,118,111,111,88,92,97,98,99,109,96,
92,0,113,104,126,106,164,183,178,165,173,123,134,131,131,130,127,121,261,156,
150,156,147,142,358,302,411,396,389,389,339,305,193,185,5101,5298,2879,1684,
29971,29972,29974,29974,29980,29981,29973,4943]} 1. c4 e5 2. Nc3 Nf6 3. Nf3 Nc6
4. a3 g6 5. g3 d5 6. cxd5 Nxd5 7. Bg2 Nde7 8. O-O Bg7 9. d3 O-O 10. Rb1 a5 11.
b4 {A29: English Opening: Four Knights Variation with 4 g3.} axb4 12. axb4 {[#]
} b6 $146 ({Predecessor:} 12... Nd4 13. Nd2 c6 14. e3 Ne6 15. Qc2 Nd5 16. b5
Nxc3 17. Qxc3 e4 18. d4 c5 19. Nxe4 cxd4 {1-0 (49) Almasi,Z (2692)-Bartel,M 
(2641) Budapest 2014}) 13. b5 {White is slightly better.} Na5 14. Bb2 Bb7 15.
Ne4 f6 16. Qc2 Nf5 17. Nfd2 c5 ({Black should play} 17... Nd4 $14 18. Bxd4 exd4
) 18. e3 Nd6 (18... Nh6 $14) 19. Bc3 $16 Bxe4 20. Nxe4 Nxe4 21. Bxe4 Ra7 22.
Ra1 {Black must now prevent Bxa5.} f5 23. Bg2 Qd6 24. Rfb1 Rb8 25. Bxa5 bxa5
26. Ra4 Kh8 27. Bc6 Bf6 28. Rc1 Bd8 29. Qxc5 Qxc5 30. Rxc5 Re7 31. Bd5 Rc7 32.
Bc6 Re7 33. Kf1 Bb6 34. Rcc4 Rd8 35. Ke2 Kg7 36. h4 Kf6 37. e4 Rc7 38. f4 fxe4
39. dxe4 h6 40. Bd5 Rdc8 41. Bc6 Rd8 $1 42. Ra1 Rd6 43. Rf1 Rd4 (43... h5 $16 {
was worth a try.} 44. Ra1 Rd8) 44. Rxd4 $18 Bxd4 45. fxe5+ Kxe5 {[%mdl 4096]
Endgame KRB-KRB} 46. h5 Rg7 47. Kd3 {[#] aiming for hxg6.} Bb6 48. Kc4 gxh5 49.
Rf5+ Ke6 (49... Kd6 $16 50. Rf6+ (50. Rxh5 Rg6 $16) 50... Ke7 51. Rxh6 Be3 52.
Rxh5 Rxg3) 50. Rxh5 (50. Bd5+ $18 Kd7 51. Rf6 (51. Rxh5 Rg6 $16)) 50... Be3 $16
51. Bd5+ Kd7 52. Rf5 Rxg3 $2 {Black cannot hold the game after this.} (52...
Rg6 $16 {was necessary.} 53. Rf7+ Kd8) 53. Rf6 a4 54. b6 {[%cal Bb5b6,Bb6b7]
[%mdl 32]} a3 55. b7 {Intending Rf7+ and mate.} Ba7 56. e5 {Strongly
threatening Rf7+.} ({Don't do} 56. Rxh6 Bb8) 56... Rg4+ 57. Kb3 {And now Be6+
would win.} Rg5 $2 {[#]} (57... Rg3+ 58. Kb4 Rg5) 58. Rf7+ $1 $18 Ke8 59. Rh7
Rxe5 60. Bc6+ {White mates.} Kf8 61. Rh8+ Kf7 62. Ra8 Re3+ 63. Kc2 {Weighted
Error Value: White=0.11/Black=0.23} (63. Kc4 $142 Re7 64. Rxa7 Rxb7 65. Bxb7 h5
66. Be4+ Ke6 67. Kd4 a2 68. Rxa2) 1-0

[Event "FIDE Chesscom Grand Swiss 2021"]
[Site "Riga"]
[Date "2021.10.28"]
[Round "2.49"]
[White "Sarana, Alexey"]
[Black "Ivic, Velimir"]
[Result "1-0"]
[WhiteElo "2649"]
[BlackElo "2606"]
[Annotator "TA"]
[PlyCount "81"]
[EventDate "2021.10.27"]
[EventType "swiss"]
[EventCountry "LAT"]
[Tiebreak "Cut1 Buchholz+Sonneborn-Berger (Swiss)"]
[SourceTitle "playchess.com"]
[Source "ChessBase"]
[SourceQuality "1"]

{[%evp 23,81,37,42,45,29,34,40,17,17,0,0,0,0,0,7,8,28,31,62,76,83,47,41,16,50,
36,29,35,60,66,81,75,104,84,84,84,83,66,67,48,63,46,92,92,90,93,114,125,134,
114,261,282,282,272,653,653,654,647,602,600]} 1. d4 {Huebner,R} d5 2. Nf3 Nf6
3. c4 c6 4. Nc3 dxc4 5. a4 Bf5 6. e3 e6 7. Bxc4 Bb4 8. O-O O-O 9. Qe2 Bg6 10.
Ne5 Nbd7 11. Nxg6 hxg6 12. Rd1 Qe7 {12...Qc7 is the modern continuation.} 13.
e4 {D19: Slav Defence: 5 a4 Bf5 6 e3: Main line with 9 Qe2.} e5 14. d5 Nb6 15.
dxc6 {[#] White is slightly better.} Nxc4 $146 ({Predecessor:} 15... bxc6 16.
Ba6 Rab8 17. Bg5 Nbd7 18. Bc4 Bc5 19. Kh1 Rfe8 20. Rd2 Bd4 21. Nd1 Qb4 {
1-0 (47) Ubilava,E (2540)-Georgiev,V (2540) Elgoibar 1998 CBM 069 [Huebner,R]})
16. Qxc4 {Nd5 is the strong threat.} bxc6 17. f3 Bc5+ 18. Kh1 Rab8 19. Ne2 {
[%cal Bc3e2,Be2c1,Bc1d3][%mdl 32]} a5 20. Bd2 Qa7 21. Bc3 Rfe8 22. b3 Bb4 23.
Bb2 (23. Qxc6 $2 Rec8 $19) 23... Bf8 24. Nc1 (24. Qxc6 $2 Rec8 $19) 24... Nd7
25. Bc3 Nc5 26. Nd3 Nd7 {With the idea ...Nb6.} 27. Be1 Re6 28. b4 axb4 29.
Nxb4 Nb6 30. Qc2 (30. Qa2 {is more complex.} Qa5 31. Nd3 Qa6 32. a5 Nc4 33. Bf2
) 30... c5 31. Nd5 Nxd5 32. exd5 Rd6 33. a5 Rbd8 34. Qc4 Qa8 {[%cal Rd6d5]} 35.
a6 ({Of course not} 35. Qxc5 $6 Rxd5 36. Qc2 Rxd1 $11) 35... R8d7 36. Ra5 {
[%cal Ba1a5,Ba5c5,Bc5c8][%mdl 32]} ({Weaker is} 36. Qxc5 Rxa6 37. Qc1 Rxd5 $17)
36... Ra7 {Loses the game.} (36... Be7 $16) 37. Rxc5 $18 {Threatens to win
with Rc8.} ({Not} 37. Qxc5 $2 Rdxa6 38. Qe3 Rxa5 $19) 37... Rdxa6 {aiming for .
..Ra1.} 38. Rc8 Qb7 $2 {[#]} (38... Ra1 39. Rxa8 Rxd1 40. Rxf8+ Kxf8 41. Qc8+
Ke7) 39. Qc5 $1 {[%cal Rc5f8] White is clearly winning.} Qe7 40. Qxe7 Rxe7 41.
Bb4 {Weighted Error Value: White=0.05/Black=0.31} 1-0

[Event "FIDE Chesscom Grand Swiss 2021"]
[Site "Riga"]
[Date "2021.10.28"]
[Round "2.50"]
[White "Chigaev, Maksim"]
[Black "Georgiev, Kiril"]
[Result "1-0"]
[WhiteElo "2639"]
[BlackElo "2577"]
[Annotator "TA"]
[PlyCount "121"]
[EventDate "2021.10.27"]
[EventType "swiss"]
[EventCountry "LAT"]
[Tiebreak "Cut1 Buchholz+Sonneborn-Berger (Swiss)"]
[SourceTitle "playchess.com"]
[Source "ChessBase"]
[SourceQuality "1"]

{[%evp 9,121,16,16,13,23,13,18,12,18,7,20,16,10,10,18,17,22,14,19,-4,-8,-22,
-21,-29,-14,-33,-12,-5,-12,-20,-14,-8,18,28,43,17,21,37,33,31,30,54,66,45,42,0,
0,0,0,0,16,12,167,1,1,1,6,0,5,0,0,0,0,0,0,0,43,31,35,36,30,43,62,37,66,51,66,
66,67,67,66,36,67,65,43,60,245,242,223,242,450,471,472,462,678,668,678,661,
29980,29981,29981,29982,29982,29983,29984,29985,29985,29986,29986,29987,29988,
29989,29989,29990]} 1. e4 e5 2. Nf3 Nc6 3. Bb5 Nf6 4. d3 Bc5 5. Bxc6 dxc6 6.
O-O {C65: Ruy Lopez: Berlin Defence (3...Nf6), unusual lines and 4 0-0 Bc5.}
Nd7 7. c3 $1 {[%mdl 4] is recently more successful than 7.Nbd2.} Bd6 8. d4 {
The position is equal.} O-O 9. Bg5 Qe8 10. Re1 f6 11. Bh4 Nb6 12. Nbd2 Bg4 {[#]
} 13. h3 $146 ({Predecessor:} 13. Qc2 Kh8 14. Bg3 Nd7 15. Nh4 Qf7 16. Qd3 Be6
17. Nf5 Rad8 18. Nxd6 cxd6 19. c4 {1/2-1/2 (31) Balogh,C (2638)-Parligras,M 
(2603) Achaia 2017}) 13... Bh5 14. g4 Bf7 15. dxe5 fxe5 16. b3 a5 17. Qe2 Kh8
18. Kg2 a4 19. Bg3 Bg8 20. Nh4 Nd7 21. Nf5 Qe6 22. Nc4 Bc5 23. Rad1 b5 24. Nd2
axb3 25. axb3 {[%cal Ba2b3,Bb3b4][%mdl 32]} Ra2 26. b4 Bd6 27. Ra1 Rfa8 28.
Rxa2 Rxa2 29. Qe3 c5 30. Nf3 Ra3 $2 {[#]} (30... cxb4 $11 {and Black stays
safe.} 31. cxb4 Bxb4) 31. Qg5 $2 (31. bxc5 $1 $18 Bxc5 32. Qg5 (32. Bxe5 Qxe5
33. Nxe5 Bxe3 $14)) 31... Qf6 $11 32. Qxf6 gxf6 33. Rd1 Ra6 34. g5 Bb3 35. Rd2
$36 {[%mdl 2048] White has some pressure.} cxb4 36. cxb4 Kg8 37. gxf6 Kf7 38.
Nh6+ Kxf6 39. Ng4+ Ke6 {[#]} 40. Ngxe5 $1 {[%mdl 64] Remove Defender} Bxe5 41.
Bxe5 Nxe5 42. Nd4+ {[%mdl 64] Double Attack} Kf6 {aiming for ...Bc4.} 43. Nxb3
$14 {[%mdl 4096] Endgame KRN-KRN} Ra4 44. f4 Ng6 45. Nc5 Rxb4 46. Kf3 Rc4 47.
Nd7+ Kg7 $2 (47... Ke7 $14) 48. f5 $18 Rc3+ 49. Kg4 h5+ $2 (49... b4 50. fxg6
Kxg6) 50. Kxh5 Rxh3+ 51. Kg4 Rh4+ (51... Rh1 $142 52. fxg6 Kxg6) 52. Kg5 Rxe4
53. Nf6 {Hoping for Nh5+.} ({Weaker is} 53. fxg6 Re6 $16) 53... Ne5 {White
must now prevent ...Nf3+.} 54. Nxe4 {White mates.} Nf3+ 55. Kf4 Nxd2 56. Nxd2 {
KN-KPP} c5 57. Ne4 c4 58. f6+ Kf8 59. Kf5 b4 60. Ke6 c3 61. Nc5 {Weighted
Error Value: White=0.09/Black=0.30} 1-0

[Event "FIDE Chesscom Grand Swiss 2021"]
[Site "Riga"]
[Date "2021.10.28"]
[Round "2.51"]
[White "Abasov, Nijat"]
[Black "Meshkovs, Nikita"]
[Result "1-0"]
[WhiteElo "2638"]
[BlackElo "2550"]
[Annotator "TA"]
[PlyCount "63"]
[EventDate "2021.10.27"]
[EventType "swiss"]
[EventCountry "LAT"]
[Tiebreak "Cut1 Buchholz+Sonneborn-Berger (Swiss)"]
[SourceTitle "playchess.com"]
[Source "ChessBase"]
[SourceQuality "1"]

{[%evp 14,63,35,24,24,23,33,30,31,22,37,29,32,32,32,31,39,3,13,0,61,69,68,63,
68,69,62,63,93,83,125,96,170,167,164,164,164,164,340,340,327,327,330,315,420,
367,501,495,475,511,542,470]} 1. e4 c5 2. Nf3 Nc6 3. d4 cxd4 4. Nxd4 e6 5. Nc3
Qc7 6. Be3 a6 7. a3 b5 8. Nxc6 dxc6 {B48: Sicilian: Taimanov: 5 Nc3 Qc7 6 Be3
a6 without Be2.} 9. Qg4 Nf6 10. Qg3 Qxg3 {White has an edge.} 11. hxg3 e5 12.
f3 Nd7 {[#]} 13. g4 $146 ({Predecessor:} 13. a4 Bb7 14. Kf2 Bc5 15. f4 O-O-O
16. Bd3 b4 17. Na2 Be7 18. a5 c5 19. Nc1 {0-1 (39) Haussernot,C (2157)
-Tanriverdi,E (2283) Marmaris 2019}) 13... Nc5 14. Kf2 Ne6 15. g3 Bb7 16. Bd3
g5 ({Better is} 16... Be7 $11) 17. a4 $14 {[%cal Ra4b5]} O-O-O 18. axb5 axb5
19. Ne2 {[%cal Bc3e2,Be2c1,Bc1d3,Bd3e5][%mdl 32]} f6 20. Nc1 Nc5 21. Be2 Ne6
22. c3 Bc5 {[#]} (22... Kc7 $16) 23. Rh6 $1 $18 Rhf8 24. Nd3 ({Resist} 24. Rxh7
Rh8 $16) 24... Bxe3+ 25. Kxe3 Rf7 $2 {[#]} (25... Rde8 {might work better.} 26.
Rxh7 Rh8) 26. Nxe5 $1 {[%mdl 576] Pin} Rff8 27. Nd3 Rd7 28. Rah1 Rff7 29. b4
Rde7 30. Bd1 {White is clearly winning.} Kc7 31. Bb3 Bc8 32. Nc5 {Weighted
Error Value: White=0.03/Black=0.32} 1-0

[Event "FIDE Chesscom Grand Swiss 2021"]
[Site "Riga"]
[Date "2021.10.28"]
[Round "2.52"]
[White "Shevchenko, Kirill"]
[Black "Budisavljevic, Luka"]
[Result "1-0"]
[WhiteElo "2632"]
[BlackElo "2508"]
[Annotator "TA"]
[PlyCount "87"]
[EventDate "2021.10.27"]
[EventType "swiss"]
[EventCountry "LAT"]
[Tiebreak "Cut1 Buchholz+Sonneborn-Berger (Swiss)"]
[SourceTitle "playchess.com"]
[Source "ChessBase"]
[SourceQuality "1"]

{[%evp 17,87,27,18,0,22,20,12,0,0,-7,0,-35,-35,-46,-33,-30,-20,-33,-23,-24,-20,
-33,-19,-63,-68,-113,-103,-74,-70,-64,0,-20,22,29,25,0,0,0,209,217,239,249,252,
247,238,235,236,257,378,373,366,370,456,454,508,508,495,490,624,620,624,618,
612,592,843,843,997,930,5591,1241,5281,5120]} 1. e4 c5 2. Nf3 e6 3. Nc3 Nc6 4.
Bb5 Nge7 5. O-O a6 6. Bxc6 Nxc6 7. d4 cxd4 8. Nxd4 Qc7 9. Nxc6 bxc6 10. Qh5 $5
{[%mdl 4] [#] Exploring less charted territory. B30: Sicilian: 2...Nc6 3 Bb5,
lines without ...g6.} Be7 $146 ({Predecessor:} 10... d5 11. exd5 cxd5 12. Re1
Be7 13. Qe2 Bb7 14. Qg4 O-O 15. Bf4 Qc4 16. b3 Qc6 17. Rad1 Bf6 {1/2-1/2 (58)
Nebolsina,V (2269)-Wagenvoorde,G (2128) Vlissingen 2019}) 11. e5 O-O 12. Re1 {
The position is equal.} f5 13. exf6 Rxf6 14. Qh4 d5 15. Bg5 {[#]} Rh6 $1 {
[%cal Rh6h4]} 16. Bf4 $1 Qa7 17. Qg3 Rg6 18. Qd3 Bb7 19. Bg3 Rf8 20. Na4 c5 $1
21. c4 d4 $1 22. b3 Ba8 23. f3 Qb7 (23... Bd8 $15 24. Qe2 Bc7) 24. Re5 Qc6 (
24... Bd6 $5 {[%cal Rd6e5]} 25. Nxc5 Qa7 $11) 25. Rae1 Rff6 26. Rh5 Bd6 $1 27.
Kf2 Kf7 $2 {Black is now going downhill.} (27... Rh6 $1 $11 {and Black has
nothing to worry.} 28. Rxh6 Rxh6) 28. Bxd6 $18 (28. Rxh7 $6 Qc7 $14) 28...
Rxg2+ 29. Kxg2 Rxf3 {[#]} 30. Qe4 {[%cal Re4e6]} Qxe4 31. Rxe4 Bxe4 32. Re5 ({
And not} 32. Rxc5 d3 $11) ({But not} 32. Nxc5 $6 Rf5+ 33. Nxe4 Rxh5 $16) 32...
Ba8 (32... Rf4+ $142 33. Kg3 Rf3+ 34. Kg4 Bc6 35. Rxc5 h5+ 36. Rxh5 d3) 33. Kg1
d3 {[#]} 34. Re1 $1 ({Not} 34. Bxc5 d2 $14) 34... g5 {If Black can now play ...
d2 this consolidates a bit.} 35. Nxc5 {White is clearly winning.} e5 36. Nd7
Ke6 37. Nxe5 Kxd6 38. Nxf3 Bxf3 {[%mdl 4096] Endgame KR-KB} 39. Re3 {[%mdl 64]
Double Attack} Be2 {aiming for ...d2.} 40. Kf2 Kc5 41. Re5+ Kd4 42. Rxg5 Kc3
43. Ke3 (43. c5 $142 h6 44. Rg1) 43... Kc2 44. Rd5 {Weighted Error Value:
White=0.07/Black=0.33} 1-0